| 000 -LEADER |
| fixed length control field |
00859nam a2200205Ia 4500 |
| 001 - CONTROL NUMBER |
| control field |
16225 |
| 003 - CONTROL NUMBER IDENTIFIER |
| control field |
GE_BSU |
| 008 - FIXED-LENGTH DATA ELEMENTS--GENERAL INFORMATION |
| fixed length control field |
181216s||||||||xx |||||||||||||| ||und|| |
| 020 ## - INTERNATIONAL STANDARD BOOK NUMBER |
| International Standard Book Number |
9789941918919 |
| 040 ## - CATALOGING SOURCE |
| Transcribing agency |
GE_BSU |
| 080 ## - UNIVERSAL DECIMAL CLASSIFICATION NUMBER |
| Universal Decimal Classification number |
37.016:808.1(072) |
| 100 ## - MAIN ENTRY--PERSONAL NAME |
| Personal name |
თოფაძე,ქეთევან. |
| 245 ## - TITLE STATEMENT |
| Title |
წერითი მეტყველების სწავლების სტრატეგიები. |
| 250 ## - EDITION STATEMENT |
| Edition statement |
მასწავლებლის ბიბლიოთეკა სასწავლო სტრატეგიები სკოლაში |
| 300 ## - PHYSICAL DESCRIPTION |
| Other physical details |
ბიბლიოგრ.გვ:46 |
| 653 ## - INDEX TERM--UNCONTROLLED |
| Uncontrolled term |
პედაგოგიკა |
| 653 ## - INDEX TERM--UNCONTROLLED |
| Uncontrolled term |
წერითი მეტყველების სწავლების სტრატეგიები. |
| 942 ## - ADDED ENTRY ELEMENTS (KOHA) |
| Koha item type |
წიგნი |